书目信息 |
| 题名: |
小波分析与文本文字识别
|
|
| 作者: | 唐远炎 , 王玲 著 | |
| 分册: | ||
| 出版信息: | 北京 科学出版社 2004 |
|
| 页数: | 394页 | |
| 开本: | 20cm | |
| 丛书名: | 现代应用数学方法丛书 | |
| 单 册: | ||
| 中图分类: | O235 | |
| 科图分类: | ||
| 主题词: | 调和分析--应用--文字识别 , 文字识别 , 调和分析 | |
| 电子资源: | ||
| ISBN: | 7-03-011563-5 | |
| 000 | 01073nam0 2200313 450 | |
| 000 | 01080nam0 2200313 450 | |
| 000 | 01013nam0 2200289 450 | |
| 000 | 00976nam0 2200277 45 | |
| 005 | 20070528081240.70 | |
| 010 | @a7-03-011563-5@dCNY28.00 | |
| 100 | @a20070419d2004 em y0chiy0120 ea | |
| 101 | 0 | @achi |
| 102 | @aCN@b110000 | |
| 105 | @aa z 001yy | |
| 200 | 1 | @a小波分析与文本文字识别@AXiao Bo Fen Xi Yu Wen Ben Wen Zi Shi Bie@f唐远炎,王玲著@FTang Yuan Yan, Wang Ling Zhu |
| 210 | @a北京@c科学出版社@d2004 | |
| 215 | @a394页@c图@d20cm | |
| 225 | 2 | @a现代应用数学方法丛书@v9 |
| 300 | @a21数学天元基金 | |
| 330 | @a本书从6个方面介绍了小波、多分辨分析、常用小波基、小波基在不同问题上的推广、利用连续小波变换进行文字(模式)的轮廓提取等内容。 | |
| 410 | 0 | @12001 @a现代应用数学方法丛书 |
| 606 | 0 | @a调和分析@x应用@x文字识别 |
| 606 | 0 | @a 文字识别 |
| 606 | 0 | @a调和分析 |
| 690 | @aO235@v4 | |
| 701 | 0 | @a唐远炎@ATang Yuan Yan@c(教授)@4著 |
| 701 | 0 | @a王玲@AWang Ling@c(应用数学)@4著 |
| 801 | 0 | @aCN@bTAOJIN@c20070528 |
| 905 | @a10447@dO235@e42 | |
| 小波分析与文本文字识别/唐远炎,王玲著.-北京:科学出版社,2004 |
| 394页:图;20cm.-(现代应用数学方法丛书;9) |
| 21数学天元基金 |
| ISBN 7-03-011563-5:CNY28.00 |
| 本书从6个方面介绍了小波、多分辨分析、常用小波基、小波基在不同问题上的推广、利用连续小波变换进行文字(模式)的轮廓提取等内容。 |
| ● |
| 相关链接 |
|
|
|
|
正题名:小波分析与文本文字识别
索取号:O235/42
 
预约/预借
| 序号 | 登录号 | 条形码 | 馆藏地/架位号 | 状态 | 备注 |
| 1 | 0523056 | 205230560 | 第二样本阅览室/ [索取号:O235/42] | 在馆 | |
| 2 | 0523057 | 205230579 | 第三借阅区/ [索取号:O235/42] | 在馆 | |
| 3 | 0523058 | 205230588 | 第三借阅区/ [索取号:O235/42] | 在馆 | |
| 4 | 0523059 | 205230597 | 第三借阅区/ [索取号:O235/42] | 在馆 | |
| 5 | 0523061 | 205230613 | 第三借阅区/ [索取号:O235/42] | 在馆 | |
| 6 | 0523062 | 205230622 | 第三借阅区/ [索取号:O235/42] | 在馆 | |
| 7 | 0523063 | 205230631 | 第三借阅区/ [索取号:O235/42] | 在馆 |